| 000 | 00753nam a2200205 a 4500 | ||
|---|---|---|---|
| 008 | 120416s1977 ||||||||||||||||| || u | ||
| 020 | _a0134580672 | ||
| 020 | _a0134580672 | ||
| 050 | _aHD 60.5.U5 Bar | ||
| 100 | _aBarach, Jeffrey A., 1934- | ||
| 245 | 1 | 4 | _aThe Individual, business and society |
| 260 |
_aEnglewood Cliffs, N.J. _bFT Prentice-Hall _c[1977] |
||
| 300 | _axi, 468p. : ill | ||
| 350 | _a0.00 | ||
| 500 | _aIncludes bibliographical references. | ||
| 650 | 0 | _aBUSINESS | |
| 650 | _aINDUSTRIES--SOCIAL ASPECTS--UNITED STATES--CASE STUDIES | ||
| 650 | _aBUSINESS SOCIETY | ||
| 995 |
_D0.00 _FCBU-MAIN LIBRARY (Kitwe) _H1 _I0.00 _M1 _UAVAILABLE _ZAnnex Low-Usage Collection |
||
| 999 |
_c46668 _d46668 |
||